| 000 | 00879 a2200169 4500 | ||
|---|---|---|---|
| 003 | Nust | ||
| 005 | 20170207154216.0 | ||
| 040 | _cNust | ||
| 082 | _a621.384 | ||
| 100 | _a J H Reyner | ||
| 245 |
_aModern radio communication _bfor the more advanced student covering the technique required _cJ H Reyner |
||
| 260 |
_aSir Isaac Pitman _bLondon _c1947 |
||
| 300 | _ax, 341p | ||
| 505 | _aThe Radio Transmitter (Page-1), The Transmitting Aerial (Page-26), Feeders (Page-40), The Radio Receivers (Page-51), The Receiving Aerial (Page-131), Coupled Circuits (Page-144), Filters And Attenuators (Page-155), Commercial Radiotelephony (Page-174), Short Wave Operation (Page-182), Ultra Short Waves (Page-199), Measurements In Radio Communication (Page-207), Picture Transmission And Television (Page-224) | ||
| 538 | _aAlmirah No.132 and Shelf No.1 | ||
| 650 | _aModern radio communication | ||
| 942 |
_2ddc _cBK |
||
| 999 |
_c195100 _d195100 |
||